02023 a2200205 45000010006000000050017000060080041000230030015000640400040000790800033001192450067001520200022002192500012002412640028002533000024002815051383003050410008016881000022016968560099017184989020260407155759.0260407a2004 arg spa dAR-UNSa-BCEJYS aAR-UNSa-BCEJYSbspacAR-UNSa-BCEJYS a330.101.542xMicroeconomía10aTeoría microeconómicapprincipios básicos y ampliaciones a978-84-9732-249-2 a8a. ed. 1aMadrid :bThomsonc2004 axvi, 761 p.c26 cm. aParte I: INTRODUCCIÓN: 1. Modelos Económicos – 2. Las matemáticas de la optimización – – Parte II: Elección y demanda: 3. Preferencias y utilidad – 4. Maximización de la utilidad y elección – 5. Efecto rentas y sustitución – 6. Relaciones de demanda entre bienes – 7. Demanda de mercado y elasticidad – – Parte III: ELECCIÓN EN CONDICIONES DE INCERTIDUMBRE: 8. Utilidad esperada y aversión al riesgo – 9. La economía de la información – 10. Teoría de juegos y equilibrio estratégico – – Parte IV: PRODUCCIÓN Y OFERTA: 11. Funciones de producción – 12. Costes – 13. Maximización del beneficio y oferta – – Parte V: COMPETENCIA PERFECTA: 14. El modelo de equilibrio parcial competitivo – 15. Análisis competitivo aplicado – 16. Equilibrio general competitivo – 17. La eficiencia de la competencia perfecta – – Parte VI: MODELOS DE COMPETENCIA IMPERFECTA: 18. Modelos de monopolio – 19. Modelos tradicionales de competencia imperfecta – 20. Modelos de fijación de precios según la teoría de juegos – – Parte VII: FIJACIÓN DE PRECIOS EN LOS MERCADOS DE FACTORES: 21. Demandas de factores por parte de las empresas – 22. Oferta de trabajo – 23. Capital – – Parte VIII: LÍMITES DEL MERCADO: 24. Externalidades y bienes públicos – 25. Economía política.  aspa1 aNicholson, Walter41uhttps://www.biblioeco.unsa.edu.ar/pmb/images/libros/L128214.jpgyImagen de portadaqimage/jpeg